00353nam a2200145 a 450000100060000000300090000600800410001504000280005608200160008410000190010024500290011926000320014830000080018065000190018814130CO-ViMGA141112s2004 ck r 000 u spa d aCO-ViMGAbspacCO-ViMGA04a128.2 M876m1 aMurphy, Joseph10aLos milagros de su mente aMedellin : bBedout, c1983 a14214aMENTE Y CUERPO